عرض عادي
عرض مارك
- المسح العلمي
مدخل مصطلح موضوعي
001 - رقم الضبط
- حقل الضبط: 57551
003 - معرف رقم الضبط
- حقل الضبط: OSt
005 - تاريخ ووقت أخر عملية
- حقل الضبط: 20170328085759.0
008 - عناصر بيانات ثابتة الطول
- حقل تحكم ثابت الطول: 170328|| aca||aabn | a|a d
040 ## - مصدر الفهرسة
- هيئة الفهرسة الأصلية: OSt
- وكالة الكتابة: OSt
150 ## - مدخل-- مصطلح تاريخي
- عنصر مدخل المصطلح الموضوعي او الاسم الجغرافي: المسح العلمي
670 ## - بيانات المصدر موجوده
- الاستشهاد بالمصدر: Work cat.: (OSt): الدليمي، عصام حسن أحمد 57549, قراءات معاصرة في منهج البحث العلمي /, 2012
